000 00331nam a22001337a 4500
020 _a0802054102
082 _a320.2 BRE
100 _aBreton,Albert
245 _aThe economic constitution of federal states
260 _alondon.
_bUniversity of toronto
_c1978
300 _a166p.
_b20c,.
500 _aIncluding Index
942 _cBK
999 _c15921
_d15921